| 000 | 00444nam a2200205Ia 4500 | ||
|---|---|---|---|
| 001 | 12996 | ||
| 003 | GE_BSU | ||
| 008 | 181216s||||||||xx |||||||||||||| ||und|| | ||
| 020 | _a9780140124385 | ||
| 040 | _cGE_BSU | ||
| 080 | _a821.111-3 | ||
| 100 | _aNaylor,Grant. | ||
| 245 | _aBetter than life. | ||
| 260 | _aLondon. | ||
| 260 | _bPencuin Books. | ||
| 260 | _c1990 | ||
| 300 | _a230p;17cm. | ||
| 653 | _aBetter than life. | ||
| 942 | _cBK | ||
| 999 |
_c46164 _d46164 |
||